|
|
|
|
| LEADER |
01211nam a2200277 a 4500 |
| 001 |
000286712 |
| 003 |
CZ BrMZK |
| 005 |
19980103143423.0 |
| 008 |
980306s1998 xr f cze d |
| 020 |
|
|
|a 80-01-01732-X
|
| 040 |
|
|
|a BOA001
|b cze
|
| 080 |
|
|
|a 51(075.8)
|2 MRF
|
| 100 |
1 |
|
|a Burýšková, Věra,
|d 1937-
|7 ntka172139
|4 aut
|
| 245 |
1 |
0 |
|a Repetitorium matematiky :
|b pro uchazeče o studium na strojní fakultě ČVUT.
|n 2. díl /
|c Věra Burýšková, Stanislav Vávra, Petr Mertl
|
| 250 |
|
|
|a Vyd. 1.
|
| 260 |
|
|
|a Praha :
|b České vysoké učení technické,
|c 1998
|
| 300 |
|
|
|a 56 s. :
|b il. ;
|c 30 cm
|
| 500 |
|
|
|a Určeno pro posl. fak. strojní Čes. vys. učení techn. v Praze. - Bibliogr.
|
| 653 |
0 |
|
|a matematika
|
| 700 |
1 |
|
|a Mertl, Petr,
|d 1946-
|7 jn20010309643
|4 aut
|
| 700 |
1 |
|
|a Vávra, Stanislav,
|d 1938-
|7 ntka174423
|4 aut
|
| 710 |
2 |
|
|a České vysoké učení technické v Praze.
|b Strojní fakulta
|7 ko20010093670
|
| 910 |
|
|
|a BOA001
|b TK-A-0262.768,2
|
| 990 |
|
|
|a BK
|
| 996 |
7 |
|
|b 2620009802
|c TK-A-0262.768/2
|l MZK
|r Sklad / do 24 hodin
|n 0
|p kup
|w 000286712
|u 000010
|a 1
|e BOA001
|j MZK50
|s A
|
| 996 |
7 |
|
|b 2620009803
|c TK-A-0262.768/2
|l MZK
|r Sklad / do 24 hodin
|n 0
|p kup
|w 000286712
|u 000020
|a 1
|e BOA001
|j MZK50
|s A
|